Human rights

Saved in:
书目详细资料
主要作者: Spencer,Maureen
其他作者: Spencer, John
格式: 图书
出版: London Sweet and Maxwel 2005
主题:
标签: 添加标签
没有标签, 成为第一个标记此记录!

MARC

LEADER 00000nam a22000007a 4500
005 20260421110829.0
020 |a 0421890509  |c TSH.22,500/= 
040 |b eng.  |e AACR 2nd 
082 |a 341.48 SPE 
100 |a Spencer,Maureen 
245 |a Human rights 
260 |a London  |b Sweet and Maxwel  |c 2005 
300 |a xxxi,226p.  |c 25 cm 
650 |a Human rights 
650 |a Political rights 
650 |a Remedies 
700 |a Spencer, John 
942 |c BK 
999 |c 12725  |d 12725